000 01096nam a22003257a 4500
003 CHAP
005 20220817042106.0
008 971013s1984 r 00010 d
010 _a34278
011 _a35250
035 _a39366
040 _cCHAP
090 _aTesis
100 0 0 _aLuna Morales, César del Carmen.
_969091
245 _aDiferenciación de las unidades de producción agrícola en la subregión Tuxtla Gutiérrez, Chiapas
260 _aChapingo, Méx. :
_bEl autor,
_c1984
300 _a134 h.
_b: tablas
502 _aTesis (Ing. Agr. Esp. en Fitotecnia) -- UACH. Departamento de Fitotecnia
590 _aALEPH
_b10
_c20130110
_lUCH01
_h1259
590 _aBATCH-UPD
_b10
_c20130110
_lUCH01
_h1144
590 _aBATCH-UPD
_b10
_c20130410
_lUCH01
_h0729
590 _aBATCH-UPD
_b10
_c20130914
_lUCH01
_h0035
590 _aCONVERSION
_b10
_c20130109
_lUCH01
_h1319
650 1 4 _aAgricultura
_xChiapas.
_91355
650 1 4 _aGanadería
_xChiapas.
_944668
710 _aUACH. Departamento de Fitotecnia
901 _aBK
942 _cTESIS
949 _bBC
_cTES
_d-89765
_eTS1
_i39366
_si
999 _c34278
_d34278